Explorer extraordinaire! / written by Jane ... Read More
Available copies
- 4 of 4 copies available at LARL/NWRL Consortium.
- 4 of 4 copies available at Northwest Regional Library. (Show preferred library)
Current holds
0 current holds with 4 total copies.
Show Only Available Copies
| Location | Call Number / Copy Notes | Barcode | Shelving Location | Status | Due Date |
|---|---|---|---|---|---|
| Godel Memorial-Warren Library | e OCO (Text) | 35500004526685 | Main | Available | - |
| Hallock Public Library | e OCO (Text) | 35500004464416 | Main | Available | - |
| Roseau Public Library | e OCO (Text) | 35500004508634 | Main | Available | - |
| Warroad Public Library | e OCO (Text) | 35500004468128 | Main | Available | - |
Record details
- ISBN: 9780061684869 (trade bdg.)
- Physical Description: 1 v. (unpaged) : col. ill. ; 24 cm.
- Edition: 1st ed.
- Publisher: New York : HarperCollinsPublishers, 2009.
Content descriptions
| Summary, etc.: | Nancy and her friend Bree explore the fascinating ... Read More |
Search for related items by subject
| Subject: | Clubs > Fiction. Insects > Fiction. Birds > Fiction. Vocabulary > Fiction. |
Search for related items by series
| LDR | 01865cam a22003738a 4500 | ||
|---|---|---|---|
| 001 | 102580 | ||
| 003 | LARL_NWRL_CONSORTIUM | ||
| 005 | 20080724141019.0 | ||
| 008 | 080718s2009 nyu b 000 1 eng | ||
| 020 | . | ‡a9780061684869 (trade bdg.) | |
| 042 | . | ‡alcac | |
| 082 | 0 | 0. | ‡a[E] ‡222 |
| 100 | 1 | . | ‡aO'Connor, Jane. ‡0(LARL_NWRL_CONSORTIUM)59093 |
| 245 | 1 | 0. | ‡aExplorer extraordinaire! / ‡cwritten by Jane O'Connor ; illustrated by Robin Preiss Glasser. |
| 250 | . | ‡a1st ed. | |
| 260 | . | ‡aNew York : ‡bHarperCollinsPublishers, ‡c2009. | |
| 300 | . | ‡a1 v. (unpaged) : ‡bcol. ill. ; ‡c24 cm. | |
| 490 | 0 | . | ‡aFancy Nancy |
| 520 | . | ‡aNancy and her friend Bree explore the fascinating world of birds and insects in their exclusive and glamorous Explorers Extraordinaire Club. | |
| 650 | 1. | ‡aClubs ‡vFiction. ‡0(LARL_NWRL_CONSORTIUM)171514 | |
| 650 | 1. | ‡aInsects ‡vFiction. | |
| 650 | 1. | ‡aBirds ‡vFiction. ‡0(LARL_NWRL_CONSORTIUM)171000 | |
| 650 | 1. | ‡aVocabulary ‡vFiction. | |
| 700 | 1 | . | ‡aPreiss-Glasser, Robin. ‡0(LARL_NWRL_CONSORTIUM)116795 |
| 901 | . | ‡a102580 ‡bISxN ‡c102580 ‡tbiblio | |

Add to basket
Permalink
Disable Highlighting